البعد النفسي في تسوية و حل الصراعات الدولية : (رقم التسجيلة. 44891)

تفاصيل مارك
000 -LEADER
fixed length control field 02301cam a2200337 a 4500
003 - CONTROL NUMBER IDENTIFIER
control field EG-GiCUC
005 - DATE AND TIME OF LATEST TRANSACTION
control field 20250223030927.0
008 - FIXED-LENGTH DATA ELEMENTS--GENERAL INFORMATION
fixed length control field 140119s2013 ua f m 000 0 ara d
040 ## - CATALOGING SOURCE
Original cataloging agency EG-GiCUC
Language of cataloging ara
Transcribing agency EG-GiCUC
041 0# - LANGUAGE CODE
Language code of text/sound track or separate title ara
049 ## - LOCAL HOLDINGS (OCLC)
Holding library ايداع
097 ## - Thesis Degree
Thesis Level دكتوراه
099 ## - LOCAL FREE-TEXT CALL NUMBER (OCLC)
Classification number Cai01.03.04.Ph.D.2013.دا.ب
100 0# - MAIN ENTRY--PERSONAL NAME
Personal name داليا أحمد رشدي عرفات
245 12 - TITLE STATEMENT
Title البعد النفسي في تسوية و حل الصراعات الدولية :
Remainder of title دراسة حالة للصراع العربي الإسرائيلي /
Statement of responsibility, etc. داليا أحمد رشدي عرفات ؛ إشراف أحمد يوسف أحمد : قدري محمود حفني
246 15 - VARYING FORM OF TITLE
Title proper/short title The psychological dimension in international conflicts settlement and resolution :
Remainder of title Case study : the Arab - Israeli conflict
260 ## - PUBLICATION, DISTRIBUTION, ETC.
Place of publication, distribution, etc. القاهرة :
Name of publisher, distributor, etc. داليا أحمد رشدي عرفات :
Date of publication, distribution, etc. 2013
300 ## - PHYSICAL DESCRIPTION
Extent 599 ص ؛
Dimensions 25سم
502 ## - DISSERTATION NOTE
Dissertation note اطروحة (دكتوراه) - جامعة القاهرة - كلية الإقتصاد و العلوم السياسية - قسم العلوم السياسية
520 ## - SUMMARY, ETC.
Summary, etc. قامت الدراسة بالبحث في دور العامل النفسي في تسوية و حل الصراعات الدولية : بالتركيز على الصراعات الدولية المتصلبة التي يمثل الصراع العربي الاسرائيلي أحد الأمثلة الواضحة عليها : و ذلك من خلال تحليل المعوقات النفسية التي تعوق حل هذا النوع من الصراعات : و الوقوف على الآليات النفسية التي يمكن أن تساهم في تسويتها و حلها : مع التطبيق على الصراع العربي الاسرائيلي الذي تلعب العوامل النفسية دورآ كبيرآ في تعقيده و تصلبه
530 ## - ADDITIONAL PHYSICAL FORM AVAILABLE NOTE
Additional physical form available note صدر ايضا كقرص مدمج
653 #4 - INDEX TERM--UNCONTROLLED
Uncontrolled term البعد النفسي
653 #4 - INDEX TERM--UNCONTROLLED
Uncontrolled term الصراع الدولي
653 #4 - INDEX TERM--UNCONTROLLED
Uncontrolled term الصراع العربي الإسرائيلي
700 0# - ADDED ENTRY--PERSONAL NAME
Personal name أحمد يوسف أحمد :
Relator term
700 0# - ADDED ENTRY--PERSONAL NAME
Personal name قدري محمود حفني :
Relator term
856 ## - ELECTRONIC LOCATION AND ACCESS
Uniform Resource Identifier <a href="http://172.23.153.220/th.pdf">http://172.23.153.220/th.pdf</a>
905 ## - LOCAL DATA ELEMENT E, LDE (RLIN)
Cataloger Enas
Reviser Cataloger
905 ## - LOCAL DATA ELEMENT E, LDE (RLIN)
Cataloger Nazla
Reviser Revisor
942 ## - ADDED ENTRY ELEMENTS (KOHA)
Source of classification or shelving scheme Dewey Decimal Classification
Koha item type Thesis
المقتنيات
Source of classification or shelving scheme Not for loan Home library Current library Date acquired Full call number Barcode Date last seen Koha item type Copy number
Dewey Decimal Classification   المكتبة المركزبة الجديدة - جامعة القاهرة قاعة الرسائل الجامعية - الدور الاول 11.02.2024 Cai01.03.04.Ph.D.2013.دا.ب 01010100018543000 22.09.2023 Thesis  
Dewey Decimal Classification   المكتبة المركزبة الجديدة - جامعة القاهرة مخـــزن الرســائل الجـــامعية - البدروم 11.02.2024 Cai01.03.04.Ph.D.2013.دا.ب 01020100018543000 22.09.2023 CD - Rom 18543.CD
Cairo University Libraries Portal Implemented & Customized by: Eng. M. Mohamady Contacts: new-lib@cl.cu.edu.eg | cnul@cl.cu.edu.eg
CUCL logo CNUL logo
© All rights reserved — Cairo University Libraries
CUCL logo
Implemented & Customized by: Eng. M. Mohamady Contact: new-lib@cl.cu.edu.eg © All rights reserved — New Central Library
CNUL logo
Implemented & Customized by: Eng. M. Mohamady Contact: cnul@cl.cu.edu.eg © All rights reserved — Cairo National University Library